[Event "4NCL Division 1a"]
[Site "Hinckley Island ENG"]
[Date "2014.02.15"]
[Round "5.141"]
[White "Roberson, Peter T"]
[Black "Tari, Arjan"]
[Result "1/2-1/2"]
[WhiteElo "2380"]
[BlackElo "2406"]
[PlyCount "144"]
[EventDate "2014.02.15"]
[WhiteTeam "Grantham Sharks 1"]
[BlackTeam "Wood Green HK 2"]

1. e4 c5 2. c3 d5 3. exd5 Qxd5 4. d4 Nf6 5. Nf3 Bg4 6. dxc5 Qxd1+ 7. Kxd1 Nc6
8. h3 Bxf3+ 9. gxf3 e6 10. Bb5 Bxc5 11. Ke2 Nd5 12. Be3 Bd6 13. Rd1 O-O-O 14.
Nd2 Nf4+ 15. Bxf4 Bxf4 16. Ne4 Ne7 17. Rxd8+ Rxd8 18. Rd1 Nd5 19. c4 Ne7 20.
Rxd8+ Kxd8 21. b4 h6 22. Nc5 b6 23. Nd3 Bb8 24. c5 Nf5 25. Ba4 g5 26. cxb6 axb6
27. Kd2 Nd4 28. Ke3 e5 29. Bd1 f5 30. f4 gxf4+ 31. Nxf4 b5 32. Ng6 Ba7 33. Kd2
e4 34. a4 bxa4 35. Bxa4 Nf3+ 36. Ke2 Ng1+ 37. Kf1 Nxh3 38. f3 e3 39. Ne5 Kc7
40. Nd3 Ng5 41. Bd1 Kd6 42. Kg2 Kd5 43. f4 Ne4 44. Bh5 Nd2 45. Nc1 Ne4 46. Ne2
Nf6 47. Bf3+ Ke6 48. Bb7 Nd5 49. Kf3 Ne7 50. Ng3 Kd7 51. b5 Kc7 52. Bc6 Kd6 53.
Nf1 h5 54. Ba8 h4 55. Nxe3 Bxe3 56. Kxe3 Kc5 57. Bg2 Nd5+ 58. Bxd5 Kxd5 59. Kf3
Kc5 60. Kg2 Kxb5 61. Kh3 Kc4 62. Kxh4 Kd4 63. Kg3 Ke3 64. Kg2 Kxf4 65. Kf2 Ke4
66. Ke2 f4 67. Kf2 f3 68. Kf1 Kf4 69. Kf2 Kg4 70. Kf1 Kg3 71. Kg1 f2+ 72. Kf1
Kf3 1/2-1/2

[Event "4NCL Division 1a"]
[Site "Hinckley Island ENG"]
[Date "2014.02.15"]
[Round "5.142"]
[White "Shaw, John K"]
[Black "Rendle, Thomas E"]
[Result "1/2-1/2"]
[WhiteElo "2427"]
[BlackElo "2389"]
[PlyCount "33"]
[EventDate "2014.02.15"]
[WhiteTeam "Wood Green HK 2"]
[BlackTeam "Grantham Sharks 1"]

1. e4 c5 2. Nf3 Nc6 3. Bb5 e6 4. O-O Nge7 5. b3 a6 6. Bxc6 Nxc6 7. Bb2 d5 8.
exd5 Qxd5 9. Nc3 Qf5 10. d4 cxd4 11. Nxd4 Nxd4 12. Qxd4 Bd7 13. Ne4 Bc6 14.
Nd6+ Bxd6 15. Qxd6 Qd5 16. Qxd5 Bxd5 17. f3 1/2-1/2

[Event "4NCL Division 1a"]
[Site "Hinckley Island ENG"]
[Date "2014.02.15"]
[Round "5.143"]
[White "Grund, Holger"]
[Black "Greet, Andrew N"]
[Result "0-1"]
[WhiteElo "2428"]
[BlackElo "2423"]
[PlyCount "138"]
[EventDate "2014.02.15"]
[WhiteTeam "Grantham Sharks 1"]
[BlackTeam "Wood Green HK 2"]

1. e4 e6 2. d4 d5 3. Nc3 Bb4 4. e5 c5 5. a3 Bxc3+ 6. bxc3 Ne7 7. a4 Nbc6 8. Nf3
Qa5 9. Qd2 Bd7 10. Bd3 f6 11. exf6 gxf6 12. O-O c4 13. Be2 Nf5 14. Ba3 O-O-O
15. Rfb1 Kb8 16. Bc5 Bc8 17. Bf1 Rdg8 18. Rb5 Qc7 19. a5 Rg6 20. Rab1 Ka8 21.
Bb6 Qg7 22. Kh1 Rg8 23. Ne1 Nd6 24. R5b2 Ne4 25. Qe3 Qh6 26. Qxh6 Rxh6 27. f3
Nd2 28. Bc7 e5 29. Kg1 Nxb1 30. Rxb1 Bf5 31. Rb5 Rc8 32. Bd6 Rd8 33. Bc5 Rg6
34. Kf2 Rgg8 35. g3 h5 36. Rb2 Nxa5 37. Be7 Rde8 38. Bxf6 Nc6 39. Rb5 exd4 40.
Rxd5 Be6 41. Rxh5 Rgf8 42. Bxd4 Nxd4 43. cxd4 Rd8 44. c3 Bd5 45. f4 Rh8 46.
Rxh8 Rxh8 47. h3 b5 48. Ke3 a5 49. Nc2 Kb7 50. f5 Re8+ 51. Kd2 Be4 52. Na3 Kc6
53. g4 Rh8 54. f6 Bd3 55. Bxd3 cxd3 56. g5 Kd5 57. Nxb5 Ke6 58. Kxd3 Rxh3+ 59.
Kc4 Rg3 60. Nc7+ Kf7 61. d5 Rxg5 62. Kb5 Kxf6 63. c4 Rg4 64. d6 a4 65. c5 a3
66. d7 Ke7 67. c6 Rd4 68. Kc5 Rxd7 69. cxd7 Kxd7 0-1

[Event "4NCL Division 1a"]
[Site "Hinckley Island ENG"]
[Date "2014.02.15"]
[Round "5.144"]
[White "Arakhamia-Grant, Ketevan E"]
[Black "Williams, Samuel G"]
[Result "1-0"]
[WhiteElo "2391"]
[BlackElo "2262"]
[PlyCount "47"]
[EventDate "2014.02.15"]
[WhiteTeam "Wood Green HK 2"]
[BlackTeam "Grantham Sharks 1"]

1. e4 c5 2. Nf3 Nc6 3. d4 cxd4 4. Nxd4 Qc7 5. Nc3 e6 6. Be3 a6 7. Qd2 Nf6 8. f3
Bb4 9. O-O-O O-O 10. a3 Be7 11. g4 b5 12. g5 Nh5 13. Kb1 Ne5 14. f4 Nc4 15.
Bxc4 bxc4 16. Ka2 Rb8 17. Rb1 Bb7 18. f5 Rfd8 19. Rhf1 Bc5 20. Qe2 e5 21. Qxh5
exd4 22. g6 dxe3 23. Qxh7+ Kf8 24. f6 1-0

[Event "4NCL Division 1a"]
[Site "Hinckley Island ENG"]
[Date "2014.02.15"]
[Round "5.145"]
[White "Sreeves, Clement"]
[Black "Grant, Jonathan IM"]
[Result "0-1"]
[WhiteElo "2270"]
[BlackElo "2257"]
[PlyCount "122"]
[EventDate "2014.02.15"]
[WhiteTeam "Grantham Sharks 1"]
[BlackTeam "Wood Green HK 2"]

1. e4 c6 2. d4 d5 3. exd5 cxd5 4. c4 Nf6 5. Nc3 e6 6. Nf3 Bb4 7. cxd5 exd5 8.
Bd3 Bg4 9. Qa4+ Nc6 10. Ne5 Qa5 11. Qxa5 Bxa5 12. Nxg4 Nxg4 13. O-O Nxd4 14. b4
Bxb4 15. Nxd5 Ba5 16. Bb2 Rd8 17. Bc4 b5 18. Rfe1+ Bxe1 19. Rxe1+ Kd7 20. Re7+
Kc6 21. Rc7+ Kd6 22. Ba3+ Ke5 23. f4+ Ke4 24. Nc3+ Kxf4 25. Rxf7+ Ke5 26. Re7+
Kf6 27. Ne4+ Kf5 28. Ng3+ Kf6 29. Rf7+ Kg6 30. Rf4 bxc4 31. Rxg4+ Kf7 32. Bb2
Ne6 33. Rxc4 Rd1+ 34. Nf1 Rf8 35. Ba3 Rb8 36. Kf2 Rb5 37. g4 Ra5 38. Rc3 Ra1
39. Rf3+ Kg6 40. Bb4 R1xa2+ 41. Kg3 Rd5 42. h4 h6 43. h5+ Kh7 44. Re3 Nc5 45.
Re7 Rd3+ 46. Ne3 Na6 47. Be1 Nc7 48. g5 hxg5 49. Kg4 Nd5 50. Nxd5 Rxd5 51. h6
Ra4+ 52. Kh5 g4+ 53. Kh4 Kxh6 54. Bf2 Rh5+ 55. Kg3 Rh3+ 56. Kg2 a5 57. Be3+ Kg6
58. Re5 Ra2+ 59. Kg1 Re2 60. Rg5+ Kf6 61. Bf4 a4 0-1

[Event "4NCL Division 1a"]
[Site "Hinckley Island ENG"]
[Date "2014.02.15"]
[Round "5.146"]
[White "Lee, Graham D"]
[Black "MacQueen, Calum"]
[Result "1/2-1/2"]
[WhiteElo "2244"]
[BlackElo "2228"]
[PlyCount "64"]
[EventDate "2014.02.15"]
[WhiteTeam "Wood Green HK 2"]
[BlackTeam "Grantham Sharks 1"]

1. Nf3 Nf6 2. c4 g6 3. b4 Bg7 4. Bb2 O-O 5. e3 d6 6. Be2 e5 7. d3 a5 8. a3 Re8
9. Nbd2 Bf5 10. O-O h6 11. Nb3 axb4 12. axb4 Nbd7 13. Na5 Qc8 14. Nd2 c6 15.
Nab3 Qc7 16. e4 Be6 17. Qc2 Nf8 18. Rxa8 Rxa8 19. Ra1 Rxa1+ 20. Bxa1 Bc8 21. d4
exd4 22. Nxd4 Qb6 23. Bc3 Ne6 24. Nxe6 Bxe6 25. Qb2 Ng4 26. Bxg4 Bxc3 27. Qxc3
Bxg4 28. c5 dxc5 29. bxc5 Qb5 30. f3 Be6 31. Qd4 Qe2 32. h3 h5 1/2-1/2

[Event "4NCL Division 1a"]
[Site "Hinckley Island ENG"]
[Date "2014.02.15"]
[Round "5.147"]
[White "Foisor, Veronica"]
[Black "Hegarty, Sarah N"]
[Result "1-0"]
[WhiteElo "2265"]
[BlackElo "2103"]
[PlyCount "125"]
[EventDate "2014.02.15"]
[WhiteTeam "Grantham Sharks 1"]
[BlackTeam "Wood Green HK 2"]

1. d4 Nf6 2. c4 g6 3. Nc3 d5 4. Bf4 Bg7 5. e3 O-O 6. Rc1 c5 7. dxc5 Ne4 8. cxd5
Qa5 9. Nf3 Nxc3 10. Qd2 Qxa2 11. bxc3 Qa3 12. Be5 Qxc5 13. Bxg7 Kxg7 14. h4 h5
15. Be2 Nd7 16. c4 Nf6 17. Qb2 Kg8 18. Ne5 a5 19. Nd3 Qc7 20. Bf3 Bg4 21. Bxg4
Nxg4 22. Ke2 Nf6 23. Ne5 Nd7 24. Nf3 a4 25. Qd4 Nc5 26. Rc2 Nb3 27. Qc3 Qa5 28.
Ne5 Qxc3 29. Rxc3 Nc5 30. Nd3 Ne4 31. Ra3 Ra5 32. Rc1 Rc8 33. f3 Nc5 34. Nxc5
Raxc5 35. Rxa4 Rxd5 36. cxd5 Rxc1 37. Rb4 Rc2+ 38. Kf1 Rc7 39. Rb2 Kf8 40. Ke2
Ke8 41. Kd3 Kd7 42. Kd4 Kc8 43. e4 Rc1 44. f4 Rf1 45. g3 Rf3 46. Rc2+ Kd7 47.
Ra2 f6 48. e5 f5 49. Rb2 Kc7 50. Rc2+ Kd7 51. Rc3 Rf1 52. Kc5 Rb1 53. e6+ Kc7
54. d6+ exd6+ 55. Kd5+ Kd8 56. Kxd6 Rd1+ 57. Ke5 b5 58. Kf6 Re1 59. Rd3+ Kc8
60. Ra3 Kd8 61. Ra8+ Kc7 62. e7 Kd7 63. Rd8+ 1-0

[Event "4NCL Division 1a"]
[Site "Hinckley Island ENG"]
[Date "2014.02.15"]
[Round "5.148"]
[White "Hagesaether, Arne"]
[Black "Batchelor, Peter J"]
[Result "0-1"]
[WhiteElo "2136"]
[BlackElo "2135"]
[PlyCount "74"]
[EventDate "2014.02.15"]
[WhiteTeam "Wood Green HK 2"]
[BlackTeam "Grantham Sharks 1"]

1. e4 c6 2. d4 d5 3. Nc3 dxe4 4. Nxe4 Bf5 5. Ng3 Bg6 6. h4 h6 7. Nf3 Nd7 8. h5
Bh7 9. Bd3 Bxd3 10. Qxd3 e6 11. Bd2 Ngf6 12. O-O-O Be7 13. Kb1 O-O 14. Rhe1 c5
15. Bc1 Re8 16. c4 cxd4 17. Nxd4 Qb6 18. f3 Rad8 19. Nf1 Nxh5 20. g4 Nhf6 21.
g5 hxg5 22. Bxg5 Nf8 23. Re2 Rd7 24. Ne3 e5 25. Nef5 Ng6 26. f4 exd4 27. Rh1
Kf8 28. Qh3 Qc6 29. Bxf6 Qxh1+ 30. Qxh1 Bxf6 31. Rh2 Kg8 32. Qf1 d3 33. Kc1 Re4
34. b3 Bc3 35. Kd1 Nxf4 36. Rf2 d2 37. Rxf4 Re1+ 0-1

[Event "4NCL Division 1a"]
[Site "Hinckley Island ENG"]
[Date "2014.02.16"]
[Round "6.111"]
[White "Hawkins, Jonathan"]
[Black "Sadler, Matthew D"]
[Result "1/2-1/2"]
[WhiteElo "2512"]
[BlackElo "2646"]
[PlyCount "40"]
[EventDate "2014.02.16"]
[WhiteTeam "Cheddleton 1"]
[BlackTeam "Guildford 1"]

1. d4 e6 2. c4 d5 3. Nc3 c5 4. cxd5 exd5 5. Nf3 Nc6 6. g3 Nf6 7. Bg2 Be7 8. O-O
O-O 9. dxc5 Bxc5 10. a3 Ne4 11. Qxd5 Nxc3 12. Qxc5 Nxe2+ 13. Kh1 Nxc1 14. Raxc1
Qf6 15. Qc3 Qxc3 16. Rxc3 Bd7 17. Rd1 Rfd8 18. Rcd3 Bf5 19. Rxd8+ Rxd8 20.
Rxd8+ Nxd8 1/2-1/2

[Event "4NCL Division 1a"]
[Site "Hinckley Island ENG"]
[Date "2014.02.16"]
[Round "6.112"]
[White "Jones, Gawain CB"]
[Black "Eggleston, David J"]
[Result "1-0"]
[WhiteElo "2648"]
[BlackElo "2423"]
[PlyCount "151"]
[EventDate "2014.02.16"]
[WhiteTeam "Guildford 1"]
[BlackTeam "Cheddleton 1"]

1. e4 c5 2. Nf3 d6 3. Bb5+ Nd7 4. O-O Ngf6 5. d4 cxd4 6. Qxd4 e5 7. Qd3 h6 8.
c4 Be7 9. Nc3 O-O 10. Bxd7 Bxd7 11. Rd1 a6 12. a4 Be6 13. b3 b5 14. Ba3 bxc4
15. bxc4 Re8 16. Rac1 Qa5 17. Qe2 Rac8 18. c5 dxc5 19. Nxe5 Qc7 20. Nf3 Bb3 21.
Re1 Qa5 22. Ne5 c4 23. Bxe7 Rxe7 24. Ng4 Nxg4 25. Qxg4 Rce8 26. Re3 Qg5 27. Qe2
f5 28. Re1 f4 29. Rf3 Qe5 30. Qd2 g5 31. g3 Rg7 32. Kh1 Rf8 33. gxf4 gxf4 34.
Rh3 Qg5 35. Qd5+ Kh7 36. Qxg5 Rxg5 37. e5 Re8 38. e6 Bc2 39. Rh4 Rf5 40. e7 Kg7
41. Re6 h5 42. Ne2 Bxa4 43. Nd4 Rf6 44. Re5 Kf7 45. Rhxh5 c3 46. Rh7+ Kg6 47.
Reh5 c2 48. R5h6+ Kg5 49. Rh5+ Kg6 50. R5h6+ Kg5 51. h4+ Kg4 52. Rxf6 c1=Q+ 53.
Kh2 f3 54. Rg7+ Kh5 55. Nxf3 Bc2 56. Kg3 Be4 57. Rg5+ Qxg5+ 58. hxg5 Bxf3 59.
Kf4 Kh4 60. g6 Rxe7 61. Rf7 Re8 62. Rh7+ Bh5 63. g7 Rg8 64. Kf5 a5 65. Kf6 a4
66. Rh8 Rxg7 67. Kxg7 Kg4 68. f3+ Kh4 69. f4 a3 70. Kf6 Kg4 71. f5 Kh4 72. Ra8
Bg4 73. Rxa3 Kh5 74. Rg3 Be2 75. Kg7 Kh4 76. Rg6 1-0

[Event "4NCL Division 1a"]
[Site "Hinckley Island ENG"]
[Date "2014.02.16"]
[Round "6.113"]
[White "Colovic, Aleksandar"]
[Black "Edouard, Romain"]
[Result "0-1"]
[WhiteElo "2503"]
[BlackElo "2661"]
[PlyCount "60"]
[EventDate "2014.02.16"]
[WhiteTeam "Cheddleton 1"]
[BlackTeam "Guildford 1"]

1. d4 e6 2. c4 b6 3. e4 Bb7 4. Bd3 Bb4+ 5. Bd2 Bxd2+ 6. Nxd2 Qf6 7. Ne2 Nc6 8.
Nf3 g5 9. e5 Qg7 10. O-O g4 11. Nd2 f6 12. exf6 Nxf6 13. Ne4 O-O-O 14. Nxf6
Qxf6 15. Be4 d5 16. cxd5 exd5 17. Bd3 Kb8 18. Qa4 h5 19. Rac1 h4 20. Bb5 Na5
21. Rc3 Rdf8 22. Qc2 Nc4 23. b3 h3 24. g3 Na3 25. Qd3 Qf3 26. Qxf3 gxf3 27. Bd3
fxe2 28. Bxe2 Re8 29. Bd3 a6 30. Rfc1 Re7 0-1

[Event "4NCL Division 1a"]
[Site "Hinckley Island ENG"]
[Date "2014.02.16"]
[Round "6.114"]
[White "Van Kampen, Robin"]
[Black "Zaragatski, Ilja"]
[Result "1-0"]
[WhiteElo "2610"]
[BlackElo "2478"]
[PlyCount "69"]
[EventDate "2014.02.16"]
[WhiteTeam "Guildford 1"]
[BlackTeam "Cheddleton 1"]

1. e4 g6 2. d4 Bg7 3. Nc3 c5 4. d5 d6 5. Bb5+ Bd7 6. a4 Nf6 7. Nf3 O-O 8. O-O
Na6 9. h3 Bxb5 10. axb5 Nc7 11. Qe2 Nd7 12. Bf4 Nb6 13. Rfd1 Qd7 14. e5 Rfd8
15. g4 h5 16. Qe4 hxg4 17. e6 fxe6 18. Qxg6 Qe8 19. Qxg4 exd5 20. Bh6 Qf7 21.
Ng5 Qg6 22. Bxg7 Kxg7 23. Rd3 Rf8 24. Rg3 Rf6 25. Qe2 Kf8 26. Nge4 dxe4 27.
Rxg6 Rxg6+ 28. Kh1 Kf7 29. Qh5 Rag8 30. Rg1 Ne8 31. Nxe4 Nf6 32. Nxf6 Kxf6 33.
Qf3+ Kg7 34. Rxg6+ Kxg6 35. Qxb7 1-0

[Event "4NCL Division 1a"]
[Site "Hinckley Island ENG"]
[Date "2014.02.16"]
[Round "6.116"]
[White "Hebden, Mark L"]
[Black "Williams, Simon K"]
[Result "0-1"]
[WhiteElo "2549"]
[BlackElo "2449"]
[PlyCount "82"]
[EventDate "2014.02.16"]
[WhiteTeam "Guildford 1"]
[BlackTeam "Cheddleton 1"]

1. d4 Nf6 2. c4 c5 3. d5 e6 4. Nc3 exd5 5. cxd5 d6 6. Nf3 g6 7. Bf4 a6 8. Nd2
Nh5 9. Qa4+ b5 10. Qe4+ Be7 11. Bg5 Ra7 12. Bxe7 Rxe7 13. Qf3 Nd7 14. e3 Ne5
15. Qd1 Bg4 16. Qc2 c4 17. Nce4 O-O 18. h3 Bf5 19. Qc3 Qb6 20. a3 Nd7 21. g4
Bxe4 22. Nxe4 Nf4 23. Qc2 Rfe8 24. O-O-O Rxe4 25. exf4 Rxf4 26. Rh2 Ne5 27. Qd2
Re4 28. Rg2 a5 29. f4 Nf3 30. Qf2 Re3 31. Kb1 Qc5 32. Rc1 Qxd5 33. a4 c3 34.
bxc3 b4 35. Bb5 bxc3 36. Qa2 Qe4+ 37. Rgc2 Rc8 38. f5 Nd4 39. Rd1 Re1 40. Rxe1
Qxe1+ 41. Rc1 c2+ 0-1

[Event "4NCL Division 1a"]
[Site "Hinckley Island ENG"]
[Date "2014.02.16"]
[Round "6.117"]
[White "Arkell, Keith CC"]
[Black "Le Roux, Jean-Pierre"]
[Result "0-1"]
[WhiteElo "2449"]
[BlackElo "2551"]
[PlyCount "82"]
[EventDate "2014.02.16"]
[WhiteTeam "Cheddleton 1"]
[BlackTeam "Guildford 1"]

1. d4 Nf6 2. Nf3 g6 3. c4 Bg7 4. g3 O-O 5. Bg2 d6 6. O-O Nc6 7. Nc3 Rb8 8. b3
a6 9. Nd5 b5 10. Nxf6+ exf6 11. cxb5 axb5 12. Bb2 f5 13. Qd2 Ne7 14. Rfc1 Nd5
15. Ne1 Bb7 16. Nd3 Re8 17. Bxd5 Bxd5 18. Nb4 Bb7 19. Nc6 Bxc6 20. Rxc6 b4 21.
e3 Rb5 22. Rac1 Re7 23. R1c2 h5 24. Qd3 Rb7 25. Ra6 h4 26. Qc4 Qb8 27. Qc6 Ra7
28. Qa4 Rxa6 29. Qxa6 h3 30. Qf1 Qa8 31. Ba1 f4 32. Qxh3 Qe4 33. Re2 Qd3 34.
Qf1 fxe3 35. fxe3 Rxe3 36. Rxe3 Qxe3+ 37. Qf2 Qc1+ 38. Qf1 Qc2 39. Qe1 Qxa2 40.
Qd1 c5 41. dxc5 Qxa1 0-1

[Event "4NCL Division 1a"]
[Site "Hinckley Island ENG"]
[Date "2014.02.16"]
[Round "6.118"]
[White "Stefanova, Antoaneta"]
[Black "Steil-Antoni, Fiona"]
[Result "1-0"]
[WhiteElo "2486"]
[BlackElo "2175"]
[PlyCount "51"]
[EventDate "2014.02.16"]
[WhiteTeam "Guildford 1"]
[BlackTeam "Cheddleton 1"]

1. d4 d5 2. c4 e6 3. Nc3 Be7 4. Bf4 Nf6 5. e3 O-O 6. a3 b6 7. Rc1 c5 8. Nb5 Na6
9. h3 Bb7 10. Nf3 Ne4 11. cxd5 exd5 12. Bd3 f5 13. b3 g5 14. Bh2 Qe8 15. O-O
Qh5 16. Ne5 Qxd1 17. Rfxd1 f4 18. Bxe4 dxe4 19. d5 Rf5 20. Nc6 Kf7 21. g4 Bxc6
22. dxc6 Rf6 23. exf4 gxf4 24. Rc4 Rxc6 25. Bxf4 Re6 26. Ra4 1-0

[Event "4NCL Division 1a"]
[Site "Hinckley Island ENG"]
[Date "2014.02.16"]
[Round "6.121"]
[White "Greet, Andrew N"]
[Black "Rogers, Jonathan W"]
[Result "1-0"]
[WhiteElo "2423"]
[BlackElo "2300"]
[PlyCount "99"]
[EventDate "2014.02.16"]
[WhiteTeam "Wood Green HK 2"]
[BlackTeam "Barbican 4NCL 2"]

1. d4 d5 2. c4 e5 3. dxe5 d4 4. Nf3 Nc6 5. a3 Be6 6. Nbd2 Nge7 7. Nb3 Nf5 8.
Qd3 a5 9. Bf4 a4 10. g4 Nh4 11. Nbxd4 Nxf3+ 12. Nxf3 Qxd3 13. exd3 Bxg4 14. Bg2
O-O-O 15. O-O-O Bc5 16. Be3 Bxf3 17. Bxf3 Nxe5 18. Be4 Bd4 19. Rhe1 f6 20. Kc2
g6 21. Bd5 Bxe3 22. Rxe3 c6 23. Be6+ Kc7 24. f4 Rhe8 25. Bh3 Nf7 26. Rde1 Rxe3
27. Rxe3 f5 28. Kc3 Kd6 29. d4 b6 30. Bg2 Rd7 31. Kb4 Nd8 32. d5 cxd5 33. Bxd5
Nc6+ 34. Kb5 Ne7 35. Re6+ Kc7 36. Bc6 Nxc6 37. Rxc6+ Kd8 38. Kxa4 Rd4 39. Kb5
Rxf4 40. Rxb6 Rf2 41. b4 Rxh2 42. c5 g5 43. Rf6 Rf2 44. c6 Ke7 45. c7 Kd7 46.
Rf7+ Kc8 47. Kb6 Rc2 48. Rxf5 g4 49. Rf8+ Kd7 50. Rd8+ 1-0

[Event "4NCL Division 1a"]
[Site "Hinckley Island ENG"]
[Date "2014.02.16"]
[Round "6.122"]
[White "Buchicchio, Giampaolo"]
[Black "Arakhamia-Grant, Ketevan E"]
[Result "1-0"]
[WhiteElo "2346"]
[BlackElo "2391"]
[PlyCount "125"]
[EventDate "2014.02.16"]
[WhiteTeam "Barbican 4NCL 2"]
[BlackTeam "Wood Green HK 2"]

1. e4 c5 2. c3 d5 3. exd5 Qxd5 4. d4 Nf6 5. Nf3 e6 6. Bd3 Be7 7. O-O O-O 8. c4
Qd8 9. dxc5 Bxc5 10. Qe2 Nbd7 11. Nc3 b6 12. Bg5 Bb7 13. Rad1 Qc7 14. a3 Rfe8
15. b4 Bf8 16. Nb5 Qc6 17. Nbd4 Qc8 18. Bb1 a5 19. Bd2 axb4 20. axb4 g6 21. Rc1
e5 22. Nb5 Qc6 23. Rfe1 Ra4 24. Qd1 Rxb4 25. Bxb4 Bxb4 26. Re2 Bc5 27. Qb3 e4
28. Nfd4 Qc8 29. Rce1 Ne5 30. Kh1 Qg4 31. Qg3 Qxg3 32. hxg3 Nxc4 33. Nb3 Bb4
34. Rc1 Bd5 35. Nc7 Rc8 36. Nxd5 Nxd5 37. Bxe4 Nc3 38. Rec2 Na3 39. Rd2 Nc4 40.
Rd4 b5 41. Bf3 h5 42. Kh2 Kg7 43. Kh3 Rc7 44. Kh2 f5 45. Rd8 Be7 46. Rb8 b4 47.
Nd4 Rd7 48. Nc6 Nb2 49. Ne5 Rd2 50. Rb7 Kf6 51. Nxg6 Kxg6 52. Rxe7 Nd3 53. Ra1
Na2 54. Re6+ Kg7 55. Bd5 Ndc1 56. Bxa2 Nxa2 57. Ra6 Nc3 58. Ra7+ Kf6 59. R1a6+
Ke5 60. Re7+ Kd4 61. Rd6+ Nd5 62. Rxd5+ Kxd5 63. Rd7+ 1-0

[Event "4NCL Division 1a"]
[Site "Hinckley Island ENG"]
[Date "2014.02.16"]
[Round "6.123"]
[White "Tari, Arjan"]
[Black "Sanders, Isaac B"]
[Result "1-0"]
[WhiteElo "2406"]
[BlackElo "2264"]
[PlyCount "87"]
[EventDate "2014.02.16"]
[WhiteTeam "Wood Green HK 2"]
[BlackTeam "Barbican 4NCL 2"]

1. e4 c5 2. Nf3 e6 3. Nc3 d6 4. d4 cxd4 5. Nxd4 Nf6 6. g4 h6 7. Rg1 Nc6 8. h4
h5 9. gxh5 Nxh5 10. Bg5 Nf6 11. Qd2 Qb6 12. Nb3 a6 13. O-O-O Bd7 14. Qe1 Qc7
15. f3 b5 16. Qf2 Rb8 17. Nd4 Na5 18. Bd3 Nc4 19. Kb1 Rc8 20. Bxc4 Qxc4 21. Nb3
a5 22. Nxa5 Qc7 23. Nb3 b4 24. e5 bxc3 25. exf6 g6 26. bxc3 d5 27. Bc1 Ra8 28.
Rge1 Qb7 29. Qd4 Qa6 30. a3 Rh5 31. Re5 Rxe5 32. Qxe5 Bxa3 33. Bxa3 Qxa3 34.
Rxd5 Bc6 35. Ra5 Rxa5 36. Nxa5 Bd5 37. Qb8+ Kd7 38. Qb5+ Kc7 39. c4 Bxf3 40. c5
Bd5 41. Nb3 Bxb3 42. cxb3 Qa7 43. b4 Kd8 44. Qa5+ 1-0

[Event "4NCL Division 1a"]
[Site "Hinckley Island ENG"]
[Date "2014.02.16"]
[Round "6.124"]
[White "Morrison, Graham"]
[Black "Shaw, John K"]
[Result "1-0"]
[WhiteElo "2354"]
[BlackElo "2427"]
[PlyCount "81"]
[EventDate "2014.02.16"]
[WhiteTeam "Barbican 4NCL 2"]
[BlackTeam "Wood Green HK 2"]

1. d4 d5 2. c4 c6 3. Nf3 Nf6 4. Nc3 dxc4 5. a4 Bf5 6. e3 e6 7. Bxc4 Bb4 8. O-O
O-O 9. Qe2 Bg6 10. Ne5 Nbd7 11. Nxg6 hxg6 12. Rd1 Qa5 13. Na2 Qxa4 14. e4 Qa5
15. e5 Nd5 16. h4 Rfe8 17. h5 gxh5 18. Qxh5 g6 19. Qg4 Bf8 20. Bd2 Qb6 21. Nc3
Nxc3 22. bxc3 a5 23. Bd3 Bg7 24. g3 a4 25. Kg2 a3 26. Qh4 a2 27. Rh1 Nxe5 28.
dxe5 Qd8 29. Qh7+ Kf8 30. Bh6 Qd5+ 31. f3 Bxh6 32. Qxh6+ Ke7 33. Qg5+ Kd7 34.
Rhd1 Kc7 35. Qf6 Qb3 36. Qxf7+ Kb6 37. Qf4 Red8 38. Qd2 Ra3 39. Rdb1 axb1=Q 40.
Rxb1 Qxb1 41. Qe3+ 1-0

[Event "4NCL Division 1a"]
[Site "Hinckley Island ENG"]
[Date "2014.02.16"]
[Round "6.125"]
[White "Grant, Jonathan IM"]
[Black "Chapman, Terry PD"]
[Result "1/2-1/2"]
[WhiteElo "2257"]
[BlackElo "2304"]
[PlyCount "122"]
[EventDate "2014.02.16"]
[WhiteTeam "Wood Green HK 2"]
[BlackTeam "Barbican 4NCL 2"]

1. c4 Nf6 2. g3 g6 3. Bg2 Bg7 4. Nc3 O-O 5. e4 d6 6. Nge2 c5 7. O-O Nc6 8. d3
a6 9. h3 Rb8 10. a4 Ne8 11. Be3 Nc7 12. d4 cxd4 13. Nxd4 Ne6 14. Nde2 Bd7 15.
b3 Na5 16. Rb1 b5 17. cxb5 axb5 18. Nd5 Re8 19. b4 Nc4 20. a5 Nxe3 21. Nxe3 Nc7
22. Qd2 Na6 23. Nd5 e6 24. Nb6 Rxb6 25. axb6 Qxb6 26. Rfd1 Bf8 27. Qd4 Rb8 28.
Qxb6 Rxb6 29. Rdc1 Be7 30. Nf4 Kf8 31. h4 h5 32. Kh2 Bf6 33. Nd3 Bd4 34. f4 e5
35. fxe5 dxe5 36. Nc5 Nxc5 37. bxc5 Ra6 38. Rc2 Bc6 39. Re1 Ra3 40. Bf1 b4 41.
Bc4 b3 42. Rce2 b2 43. Rb1 Ra1 44. Bd3 Bb5 45. Rexb2 Rxb1 46. Rxb5 Rc1 47. Rb4
Rc3 48. Ba6 Bf2 49. Rc4 Bxg3+ 50. Kh3 Be1+ 51. Rxc3 Bxc3 52. c6 Ba5 53. Bc4 Ke7
54. Bd5 f6 55. Bc4 Bb6 56. Kg2 g5 57. Be2 g4 58. Ba6 Ba5 59. Bc8 Kd6 60. Bf5
Be1 61. Bg6 Kxc6 1/2-1/2

[Event "4NCL Division 1a"]
[Site "Hinckley Island ENG"]
[Date "2014.02.16"]
[Round "6.126"]
[White "Twyble, Michael S"]
[Black "Lee, Graham D"]
[Result "1/2-1/2"]
[WhiteElo "2268"]
[BlackElo "2244"]
[PlyCount "130"]
[EventDate "2014.02.16"]
[WhiteTeam "Barbican 4NCL 2"]
[BlackTeam "Wood Green HK 2"]

1. d4 Nf6 2. c4 c5 3. d5 e5 4. Nc3 d6 5. e4 Be7 6. g3 O-O 7. Bg2 Nbd7 8. Nge2
Ne8 9. O-O a6 10. a4 b6 11. h3 Nc7 12. b3 Rb8 13. Qd3 Re8 14. Bd2 Bg5 15. f4
Bf6 16. f5 Bg5 17. Be1 Nf8 18. Kh1 Bd7 19. Ng1 b5 20. Nf3 Bf6 21. g4 h6 22. Nd1
Rb7 23. axb5 axb5 24. h4 Nh7 25. Bh3 Qe7 26. Rg1 Reb8 27. Qd2 bxc4 28. bxc4 Rb3
29. Nc3 Qd8 30. g5 hxg5 31. hxg5 Be7 32. g6 fxg6 33. Rxg6 Be8 34. Rg2 Rb2 35.
Qd3 Bh5 36. Rxb2 Rxb2 37. Nd1 Rb7 38. Nf2 Bh4 39. Ng4 Bxe1 40. Rxe1 Ng5 41.
Nxg5 Qxg5 42. Rg1 Qh4 43. Qg3 Qxg3 44. Rxg3 Bxg4 45. Bxg4 Ne8 46. Be2 Nf6 47.
Re3 Rb2 48. Kg1 Kf7 49. Kf1 g6 50. Rg3 gxf5 51. exf5 Rd2 52. Ra3 Ne4 53. Bd3
Ng3+ 54. Ke1 Rg2 55. Ra7+ Kf6 56. Rd7 e4 57. Rxd6+ Kxf5 58. Bf1 Nxf1 59. Kxf1
Rc2 60. Rh6 Rxc4 61. d6 Rd4 62. Rh5+ Kf4 63. Rxc5 Rxd6 64. Ke2 Ra6 65. Rc3 Ra2+
1/2-1/2

[Event "4NCL Division 1a"]
[Site "Hinckley Island ENG"]
[Date "2014.02.16"]
[Round "6.127"]
[White "Hegarty, Sarah N"]
[Black "Coleman, David J"]
[Result "0-1"]
[WhiteElo "2103"]
[BlackElo "2236"]
[PlyCount "66"]
[EventDate "2014.02.16"]
[WhiteTeam "Wood Green HK 2"]
[BlackTeam "Barbican 4NCL 2"]

1. e4 c5 2. Nf3 d6 3. d4 cxd4 4. Nxd4 Nf6 5. Nc3 a6 6. Bc4 e6 7. Bb3 b5 8. Bg5
b4 9. Nce2 Be7 10. Ba4+ Bd7 11. Bxd7+ Qxd7 12. Ng3 Qb7 13. f3 Nbd7 14. Be3 O-O
15. O-O Rfe8 16. a3 a5 17. axb4 axb4 18. Qe2 Rec8 19. Rfd1 h6 20. Nf1 d5 21.
exd5 Nxd5 22. Rxa8 Rxa8 23. Bf2 Nf8 24. Nd2 Ra2 25. Nc4 Qa6 26. Qf1 Nd7 27. Nb3
Bf6 28. Bd4 Bxd4+ 29. Rxd4 Qa7 30. Qf2 N7b6 31. Rg4 f5 32. Rd4 Nxc4 33. Rxc4
Ra1+ 0-1

[Event "4NCL Division 1a"]
[Site "Hinckley Island ENG"]
[Date "2014.02.16"]
[Round "6.128"]
[White "Bhatia, Kanwal K"]
[Black "Hagesaether, Arne"]
[Result "1-0"]
[WhiteElo "2054"]
[BlackElo "2136"]
[PlyCount "109"]
[EventDate "2014.02.16"]
[WhiteTeam "Barbican 4NCL 2"]
[BlackTeam "Wood Green HK 2"]

1. e4 c5 2. c3 d5 3. exd5 Qxd5 4. d4 Nc6 5. Nf3 Bf5 6. Be3 cxd4 7. Nxd4 e6 8.
Nxf5 Qxd1+ 9. Kxd1 exf5 10. g3 Nf6 11. Bh3 g6 12. Bg5 Ne4 13. Re1 Be7 14. Be3
O-O 15. Nd2 Rfd8 16. Kc2 Nc5 17. Rad1 Rac8 18. Bg2 Ne6 19. Nb3 b6 20. Rxd8+
Ncxd8 21. Rd1 Rc7 22. a4 h5 23. Kb1 Kf8 24. a5 bxa5 25. Nxa5 Ke8 26. Bf1 Bc5
27. Bb5+ Ke7 28. Bxc5+ Nxc5 29. f3 Nce6 30. Kc2 f4 31. b4 f5 32. gxf4 Nxf4 33.
c4 Ng2 34. Rg1 Nf4 35. c5 Nde6 36. Bc4 Nd4+ 37. Kb2 Kf6 38. Rd1 Ke5 39. Re1+
Kf6 40. Kc3 Nde6 41. c6 h4 42. b5 g5 43. Nb7 g4 44. Nd6 Ng7 45. fxg4 fxg4 46.
Rg1 g3 47. hxg3 hxg3 48. Rxg3 Ke5 49. Nb7 Nf5 50. Rg1 Ne7 51. Re1+ Kf5 52. Nd6+
Kg4 53. Ne8 Nfd5+ 54. Bxd5 Nxd5+ 55. Kd4 1-0